[Event "International Tournament "]
[Site "Paracin, Hotel "]
[Date "2017.07.11"]
[Round "6.27"]
[White "Becker, Marcel"]
[Black "Karaahmetoglu, Ege"]
[Result "1-0"]
[WhiteElo "2339"]
[BlackElo "2034"]
[PlyCount "51"]
[EventDate "2017.07.07"]

1. d4 Nf6 2. c4 d6 3. Nc3 Nbd7 4. e4 e5 5. Nf3 g6 6. Be2 Bg7 7. O-O O-O 8. Qc2
Re8 9. Rd1 c6 10. d5 c5 11. Ne1 a6 12. a3 h6 13. b4 b6 14. Rb1 Rb8 15. Be3 Qc7
16. Nd3 Kh7 17. Rb2 Re7 18. f3 Ne8 19. Rdb1 Qa7 20. Bf2 f6 21. Na4 Bf8 22. bxc5
bxc5 23. Nb4 Qc7 24. Nc6 Rxb2 25. Qxb2 Rf7 26. Be1 1-0

[Event "International Tournament "]
[Site "Paracin, Hotel "]
[Date "2017.07.11"]
[Round "6.28"]
[White "Radovic, Luka"]
[Black "Vucinic, Gojko"]
[Result "1/2-1/2"]
[WhiteElo "2264"]
[BlackElo "2415"]
[PlyCount "68"]
[EventDate "2017.07.07"]

1. Nf3 Nf6 2. g3 g6 3. b3 Bg7 4. Bb2 b6 5. Bg2 Bb7 6. O-O O-O 7. c4 c5 8. d4
cxd4 9. Qxd4 Nc6 10. Qd2 d5 11. cxd5 Nxd5 12. Bxg7 Kxg7 13. Nc3 Nf6 14. Rfd1
Qxd2 15. Rxd2 Rfd8 16. Rad1 Rxd2 17. Rxd2 Rd8 18. Rxd8 Nxd8 19. Ne5 Bxg2 20.
Kxg2 Ne8 21. Nb5 f6 22. Nc4 Nc6 23. a4 Kf7 24. e4 e5 25. f3 a6 26. Nc3 Nd4 27.
Nxb6 Nxb3 28. Kf2 Nd6 29. Ke2 Ke6 30. Ncd5 Nc5 31. Nc7+ Ke7 32. Ncd5+ Kf7 33.
Nc7 Ke7 34. Ncd5+ Ke6 1/2-1/2

[Event "International Tournament "]
[Site "Paracin, Hotel "]
[Date "2017.07.11"]
[Round "6.29"]
[White "Dimitrov, Vladimir"]
[Black "Popovic, Djordje D"]
[Result "1-0"]
[WhiteElo "2359"]
[BlackElo "2258"]
[PlyCount "45"]
[EventDate "2017.07.07"]

1. d4 Nf6 2. c4 e6 3. Nc3 Bb4 4. e3 c5 5. Nge2 cxd4 6. exd4 Ne4 7. a3 Nxc3 8.
Nxc3 Bxc3+ 9. bxc3 b6 10. a4 Bb7 11. Ba3 d6 12. Qg4 O-O 13. Bd3 Nc6 14. O-O e5
15. Rad1 exd4 16. cxd4 Qb8 17. Rfe1 g6 18. h4 Re8 19. h5 Rxe1+ 20. Rxe1 Qc8 21.
Qf4 Qd7 22. Bxd6 Rd8 23. d5 1-0

[Event "International Tournament "]
[Site "Paracin, Hotel "]
[Date "2017.07.11"]
[Round "6.30"]
[White "Yordanov, Lachezar"]
[Black "Tica, Sven"]
[Result "1/2-1/2"]
[WhiteElo "2246"]
[BlackElo "2333"]
[PlyCount "45"]
[EventDate "2017.07.07"]

1. b3 c5 2. Bb2 Nc6 3. Nf3 d6 4. d4 cxd4 5. Nxd4 Nf6 6. c4 g6 7. Nxc6 bxc6 8.
Bxf6 exf6 9. Nc3 Be6 10. e3 Bg7 11. Be2 Qa5 12. Qd2 O-O 13. O-O d5 14. cxd5
cxd5 15. Rad1 Rac8 16. Nxd5 Qxd5 17. Qxd5 Bxd5 18. Rxd5 Rc2 19. Bc4 Rxa2 20.
Rfd1 f5 21. g3 a5 22. Bb5 Bc3 23. Rd8 1/2-1/2

[Event "International Tournament "]
[Site "Paracin, Hotel "]
[Date "2017.07.11"]
[Round "6.31"]
[White "Sukovic, Andrej"]
[Black "Maksimovic, Bojan"]
[Result "1/2-1/2"]
[WhiteElo "2150"]
[BlackElo "2312"]
[PlyCount "60"]
[EventDate "2017.07.07"]

1. e4 c5 2. Nf3 e6 3. d4 cxd4 4. Nxd4 a6 5. Nc3 Qc7 6. Bd3 Nc6 7. Nxc6 dxc6 8.
O-O Nf6 9. f4 e5 10. Kh1 Bd6 11. f5 b5 12. a4 b4 13. Nb1 Bb7 14. Nd2 O-O 15.
Nc4 Be7 16. Bg5 h6 17. Bh4 Rfd8 18. Qe2 c5 19. Bxf6 Bxf6 20. a5 Ra7 21. Nb6 Rd6
22. Bc4 Bc6 23. c3 Qb8 24. Bd5 Be8 25. Bc4 Bc6 26. Bd5 Be8 27. cxb4 cxb4 28.
Rfc1 Bb5 29. Qe1 Rd8 30. Qxb4 Bg5 1/2-1/2

[Event "International Tournament "]
[Site "Paracin, Hotel "]
[Date "2017.07.11"]
[Round "6.32"]
[White "Banzea, Alexandru-Bogdan"]
[Black "Popovic, Aleksandar M"]
[Result "0-1"]
[WhiteElo "2300"]
[BlackElo "2255"]
[PlyCount "62"]
[EventDate "2017.07.07"]

1. e4 g6 2. d4 Bg7 3. Nc3 c6 4. Nf3 d6 5. h3 Nf6 6. a4 O-O 7. a5 Nbd7 8. Be3 e5
9. dxe5 dxe5 10. Bc4 Qe7 11. O-O Nc5 12. Nd2 Nh5 13. Re1 Ne6 14. Kh2 Rd8 15.
Bf1 Nhf4 16. Qb1 Qh4 17. Nf3 Qh6 18. Ng1 g5 19. g3 Kh8 20. gxf4 exf4 21. Bc1 g4
22. Nd1 Qh4 23. Ra3 Be5 24. Kh1 Ng5 25. b4 Rxd1 26. Rxd1 Nxe4 27. Rd2 f6 28. c4
Bf5 29. Bd3 Nxf2+ 30. Rxf2 Qxf2 31. Bxf5 g3 0-1

[Event "International Tournament "]
[Site "Paracin, Hotel "]
[Date "2017.07.11"]
[Round "6.33"]
[White "Bojicic, Andjela"]
[Black "Injac, Teodora"]
[Result "0-1"]
[WhiteElo "2072"]
[BlackElo "2290"]
[PlyCount "64"]
[EventDate "2017.07.07"]

1. d4 Nf6 2. c4 g6 3. Nc3 Bg7 4. e4 d6 5. f3 O-O 6. Be3 c6 7. Qd2 Nbd7 8. Nge2
e5 9. d5 h5 10. Nc1 Nh7 11. Bd3 Nc5 12. Bc2 f5 13. b4 Nd7 14. O-O f4 15. Bf2 g5
16. c5 Ndf6 17. Nd3 g4 18. Kh1 Kh8 19. Bd1 Rg8 20. Rc1 Ng5 21. cxd6 cxd5 22. a4
gxf3 23. gxf3 Qd7 24. Ne1 Qh3 25. Rg1 Bh6 26. Qd3 Bd7 27. Be2 Ng4 28. fxg4 hxg4
29. Bf1 Qh5 30. Bg2 g3 31. Bxg3 fxg3 32. Qxg3 Nh3 0-1

[Event "International Tournament "]
[Site "Paracin, Hotel "]
[Date "2017.07.11"]
[Round "6.34"]
[White "Lazov, Toni"]
[Black "Cvetkovic, Nemanja"]
[Result "1-0"]
[WhiteElo "2279"]
[BlackElo "2244"]
[PlyCount "109"]
[EventDate "2017.07.07"]

1. e4 Nf6 2. e5 Nd5 3. d4 d6 4. c4 Nb6 5. exd6 exd6 6. Nc3 Be7 7. Bd3 O-O 8.
Nge2 Nc6 9. O-O Bf6 10. Be3 Bg4 11. f3 Re8 12. Bf2 Bh5 13. c5 dxc5 14. dxc5 Nd7
15. Nf4 Bg6 16. Nxg6 hxg6 17. Be4 Bxc3 18. bxc3 Nf6 19. Bc2 Re5 20. Qb1 Rb8 21.
Qb3 Kf8 22. Rad1 Qe7 23. Rfe1 Nd7 24. Rxe5 Ndxe5 25. Re1 Qg5 26. Be4 Qd2 27.
Rd1 Qe2 28. Qc2 Qxc2 29. Bxc2 g5 30. h4 gxh4 31. Bxh4 Ke8 32. Ba4 f6 33. Rb1
Ke7 34. f4 Nd7 35. Bf2 Na5 36. Re1+ Kd8 37. Bc2 Nf8 38. g4 c6 39. Kg2 b6 40.
cxb6 axb6 41. g5 Nc4 42. gxf6 gxf6 43. Bh4 Nd7 44. Bb3 Nd6 45. Re6 Kc7 46. Bxf6
Rg8+ 47. Bg5 Rg7 48. Kf3 Nf7 49. Bh4 Rh7 50. Bg3 Rh3 51. Re7 Nd8 52. f5+ Kc8
53. Re8 Nc5 54. Be6+ Ncxe6 55. fxe6 1-0

[Event "International Tournament "]
[Site "Paracin, Hotel "]
[Date "2017.07.11"]
[Round "6.35"]
[White "Zegarac, Vuk"]
[Black "Lazic, Ljubisa"]
[Result "1-0"]
[WhiteElo "2276"]
[BlackElo "2217"]
[PlyCount "75"]
[EventDate "2017.07.07"]

1. d4 Nc6 2. Bg5 h6 3. Bh4 Nf6 4. Bxf6 exf6 5. Nc3 d5 6. e3 Ne7 7. Bd3 c6 8.
Nge2 Bf5 9. Ng3 Bxd3 10. Qxd3 g6 11. h4 h5 12. O-O-O Bh6 13. Kb1 f5 14. Nge2
Qc7 15. Na4 Ng8 16. Nc5 Nf6 17. Qb3 Ne4 18. Nxe4 dxe4 19. g3 O-O 20. Nc3 Bg7
21. Rd2 Rfd8 22. Rhd1 Rac8 23. Na4 b5 24. Nc5 Bf8 25. Qc3 Bxc5 26. dxc5 Rxd2
27. Qxd2 a5 28. Qd4 Qe7 29. c3 a4 30. Qd6 Qb7 31. Rd4 Re8 32. Qf6 Rc8 33. a3
Qc7 34. Rd6 Qb7 35. Qd4 Qe7 36. c4 bxc4 37. Qxc4 Qa7 38. Rxg6+ 1-0

[Event "International Tournament "]
[Site "Paracin, Hotel "]
[Date "2017.07.11"]
[Round "6.36"]
[White "Gordon, Evgeny"]
[Black "Strugnell, Carl"]
[Result "0-1"]
[WhiteElo "1942"]
[BlackElo "2271"]
[PlyCount "64"]
[EventDate "2017.07.07"]

1. d4 Nf6 2. c4 e6 3. Nc3 Bb4 4. Qc2 O-O 5. a3 Bxc3+ 6. Qxc3 b6 7. Nf3 Bb7 8.
e3 d6 9. Be2 Nbd7 10. O-O Ne4 11. Qc2 f5 12. b4 Rf6 13. c5 Bd5 14. Bc4 Bxc4 15.
Qxc4 Rh6 16. Qe2 bxc5 17. dxc5 e5 18. Bb2 Kh8 19. Rfd1 Qe7 20. Rac1 g5 21. Nd2
Nxd2 22. Rxd2 f4 23. cxd6 cxd6 24. Rc7 Qe6 25. Qc4 Nb6 26. Qe4 Re8 27. Rc6 Qe7
28. exf4 gxf4 29. Qxf4 Rg6 30. Qf3 Reg8 31. Qh3 d5 32. Rxg6 Rxg6 0-1

[Event "International Tournament "]
[Site "Paracin, Hotel "]
[Date "2017.07.11"]
[Round "6.37"]
[White "Taylor, Adam C"]
[Black "Krstic, Milos"]
[Result "1/2-1/2"]
[WhiteElo "2265"]
[BlackElo "2090"]
[PlyCount "100"]
[EventDate "2017.07.07"]

1. Nf3 d5 2. e3 Nf6 3. c4 c6 4. Nc3 e6 5. b3 Nbd7 6. Be2 Bd6 7. O-O Ne5 8. Nxe5
Bxe5 9. Ba3 Bd6 10. Bxd6 Qxd6 11. d4 b6 12. Qc2 Bb7 13. Rfd1 O-O 14. e4 dxe4
15. Nxe4 Nxe4 16. Qxe4 Rab8 17. Qe5 Rfd8 18. Bf3 Qxe5 19. dxe5 Kf8 20. c5 Ke7
21. Rac1 Rbc8 22. Rc4 Ba8 23. h4 f6 24. exf6+ gxf6 25. Re1 e5 26. Be4 bxc5 27.
Rxc5 Rd4 28. g3 Kd6 29. Ra5 Rc7 30. Bf3 Re7 31. Be4 Rf7 32. Bg2 Re7 33. Be4 Rc7
34. g4 Rg7 35. f3 h5 36. Bf5 Rd2 37. Ra4 Kc5 38. Rc1+ Kb6 39. Rb4+ Kc7 40. a3
Bb7 41. Rbc4 Kb6 42. R4c2 Rd4 43. Rg2 Rf4 44. Kf2 c5 45. Rg3 e4 46. Rc4 Bd5 47.
Rxe4 Bxe4 48. Bxe4 f5 49. Ke3 Rxe4+ 50. fxe4 fxg4 1/2-1/2

[Event "International Tournament "]
[Site "Paracin, Hotel "]
[Date "2017.07.11"]
[Round "6.38"]
[White "Milosevic, Milos"]
[Black "Kucumenler, Tarkan"]
[Result "1-0"]
[WhiteElo "2263"]
[BlackElo "2004"]
[PlyCount "67"]
[EventDate "2017.07.07"]

1. e4 c5 2. c3 Nf6 3. d3 Nc6 4. f4 d5 5. e5 Ng8 6. a3 Bf5 7. b4 e6 8. Nf3 Bg4
9. h3 Bxf3 10. Qxf3 f6 11. b5 Na5 12. Nd2 fxe5 13. Qh5+ Kd7 14. Nf3 Nb3 15.
Nxe5+ Kc7 16. Rb1 Nxc1 17. Rxc1 Qf6 18. Be2 Bd6 19. O-O Ne7 20. d4 c4 21. a4
Raf8 22. a5 Bxe5 23. dxe5 Qf7 24. b6+ axb6 25. axb6+ Kxb6 26. Qf3 Nc6 27. Qe3+
Kc7 28. Rb1 Rb8 29. Rb5 Qd7 30. Rd1 Qe7 31. Qb6+ Kd7 32. f5 Rhd8 33. fxe6+ Qxe6
34. Bg4 1-0

[Event "International Tournament "]
[Site "Paracin, Hotel "]
[Date "2017.07.11"]
[Round "6.39"]
[White "Martic, Ivan"]
[Black "Jovanovic, Sasa T"]
[Result "1/2-1/2"]
[WhiteElo "2356"]
[BlackElo "2193"]
[PlyCount "40"]
[EventDate "2017.07.07"]

1. e4 e5 2. Nf3 Nc6 3. Bb5 a6 4. Ba4 Nf6 5. O-O b5 6. Bb3 Be7 7. Re1 d6 8. c3
O-O 9. h3 Bb7 10. d4 Re8 11. Ng5 Rf8 12. Nf3 Re8 13. Ng5 Rf8 14. Nf3 Re8 15.
Ng5 Rf8 16. Nf3 Re8 17. Nbd2 Bf8 18. Ng5 Re7 19. Ngf3 Re8 20. Ng5 Re7 1/2-1/2

[Event "International Tournament "]
[Site "Paracin, Hotel "]
[Date "2017.07.11"]
[Round "6.40"]
[White "Tosic, Srecko"]
[Black "Budisavljevic, Luka"]
[Result "1/2-1/2"]
[WhiteElo "2326"]
[BlackElo "2196"]
[PlyCount "101"]
[EventDate "2017.07.07"]

1. d4 e6 2. Nf3 c5 3. c3 Nf6 4. e3 b6 5. Nbd2 d5 6. Bb5+ Nbd7 7. Qe2 Bb7 8. Ne5
Bd6 9. f4 O-O 10. Qf3 Bxe5 11. fxe5 Ne4 12. Nxe4 dxe4 13. Qh3 a6 14. Be2 f5 15.
g4 cxd4 16. cxd4 Bd5 17. gxf5 Rxf5 18. Bd2 Qe7 19. Rf1 Rxf1+ 20. Bxf1 a5 21. a3
Rc8 22. Bc3 Nf8 23. Kd2 Ng6 24. Be2 Nh4 25. Rf1 Rf8 26. Rxf8+ Kxf8 27. b4 a4
28. Qg3 Kg8 29. Bb5 Nf3+ 30. Kc1 Qc7 31. Kb2 Bc6 32. Bc4 Qd7 33. Qf2 b5 34. Bf1
Qd5 35. Kc1 Qd7 36. Qe2 Kf7 37. h3 Ke8 38. Qc2 Kd8 39. Kb2 Bd5 40. Be2 Qc6 41.
Bxf3 exf3 42. Be1 Qxc2+ 43. Kxc2 Be4+ 44. Kc3 Kd7 45. d5 Bxd5 46. Kd4 Ke7 47.
e4 Bc4 48. Ke3 Be2 49. h4 Kf7 50. Bf2 Kg6 51. Kf4 1/2-1/2

[Event "International Tournament "]
[Site "Paracin, Hotel "]
[Date "2017.07.11"]
[Round "6.41"]
[White "Can, Isik"]
[Black "Peycheva, Gergana"]
[Result "1-0"]
[WhiteElo "2287"]
[BlackElo "2161"]
[PlyCount "57"]
[EventDate "2017.07.07"]

1. e4 c5 2. Nf3 e6 3. d4 cxd4 4. Nxd4 a6 5. c4 Qc7 6. Nc3 Nf6 7. Be2 d6 8. O-O
Be7 9. f4 Nbd7 10. a3 b6 11. b4 Bb7 12. Qd3 O-O 13. g4 h6 14. h4 Nh7 15. g5
hxg5 16. hxg5 g6 17. Qh3 e5 18. Rf2 Rfe8 19. fxe5 dxe5 20. Nf3 Ndf8 21. Be3 Bc8
22. Nd5 Qd6 23. Qh6 Bd8 24. Nh4 Bh3 25. Nf5 Bxf5 26. exf5 Bxg5 27. Bxg5 Nxg5
28. f6 Nfe6 29. Rh2 1-0

[Event "International Tournament "]
[Site "Paracin, Hotel "]
[Date "2017.07.11"]
[Round "6.42"]
[White "Svicevic, Rastko"]
[Black "Gajcin, Marina"]
[Result "0-1"]
[WhiteElo "2189"]
[BlackElo "2282"]
[PlyCount "66"]
[EventDate "2017.07.07"]

1. d4 Nf6 2. Bg5 d5 3. Bxf6 gxf6 4. c4 dxc4 5. e3 c5 6. Bxc4 cxd4 7. Nc3 Bg7 8.
Qh5 O-O 9. O-O-O Nc6 10. exd4 Qa5 11. d5 Ne5 12. Be2 b5 13. Kb1 b4 14. Ne4 Bb7
15. f4 Bxd5 16. Rxd5 Qxd5 17. Ng3 b3 18. fxe5 bxa2+ 19. Ka1 Rab8 20. Qf3 Qxe5
21. Qc3 f5 22. Qxe5 Bxe5 23. Nf3 Bxb2+ 24. Kxa2 e6 25. Nd2 Rb4 26. Nc4 Rfb8 27.
Re1 Ra4+ 28. Kb1 Bg7+ 29. Kc1 Rc8 30. Kd2 Rcxc4 31. Bxc4 Rxc4 32. Rb1 Be5 33.
Nh5 Rh4 0-1

[Event "International Tournament "]
[Site "Paracin, Hotel "]
[Date "2017.07.11"]
[Round "6.43"]
[White "Trifunovic, Miroljub"]
[Black "Grujic, Nebojsa"]
[Result "1/2-1/2"]
[WhiteElo "2269"]
[BlackElo "2152"]
[PlyCount "44"]
[EventDate "2017.07.07"]

1. d4 f5 2. Nf3 Nf6 3. g3 d5 4. Bg2 e6 5. c4 c6 6. b3 Bd6 7. O-O Qe7 8. Bb2 O-O
9. Nbd2 Ne4 10. Ne5 Nxd2 11. Qxd2 Nd7 12. f4 Nxe5 13. fxe5 Bb4 14. Qe3 Bd7 15.
a3 Ba5 16. b4 Bc7 17. Qc3 Rfc8 18. a4 Bd8 19. Ba3 Qe8 20. a5 b5 21. axb6 axb6
22. Bb2 b5 1/2-1/2

[Event "International Tournament "]
[Site "Paracin, Hotel "]
[Date "2017.07.11"]
[Round "6.44"]
[White "Kuzmanovic, Slobodan"]
[Black "Konstantinov, Aleksandar"]
[Result "1-0"]
[WhiteElo "2144"]
[BlackElo "2262"]
[PlyCount "59"]
[EventDate "2017.07.07"]

1. Nf3 Nf6 2. c4 e6 3. b3 c5 4. Bb2 b6 5. g3 Bb7 6. Bg2 Be7 7. O-O d6 8. Nc3
Nbd7 9. d4 cxd4 10. Qxd4 a6 11. e4 O-O 12. Rfd1 Qc7 13. Rac1 Rac8 14. Ba3 Ne8
15. Qe3 Nc5 16. Bb2 Nf6 17. Nd4 Qb8 18. Rc2 Qa8 19. Re2 Rfe8 20. Bf3 Ncd7 21.
h3 Bf8 22. Bg2 Nc5 23. f4 e5 24. Nf5 exf4 25. Qxf4 Ncxe4 26. Nxe4 Nxe4 27. Rxe4
Rxe4 28. Bxe4 Bxe4 29. Nh6+ gxh6 30. Qf6 1-0

[Event "International Tournament "]
[Site "Paracin, Hotel "]
[Date "2017.07.11"]
[Round "6.45"]
[White "Eric, Jovana"]
[Black "Bozbey, Ali"]
[Result "1-0"]
[WhiteElo "2262"]
[BlackElo "2139"]
[PlyCount "49"]
[EventDate "2017.07.07"]

1. e4 d6 2. d4 Nf6 3. Nc3 g6 4. Be3 c6 5. Qd2 b5 6. Bd3 Nbd7 7. Nf3 Ng4 8. Bg5
h6 9. Bh4 Qc7 10. O-O Bg7 11. Rfe1 e5 12. d5 a6 13. dxc6 Qxc6 14. Nd5 Ngf6 15.
Qa5 Ra7 16. a4 bxa4 17. Rxa4 g5 18. Rc4 Qb7 19. Rc7 Qb8 20. Rxa7 Qxa7 21. Nc7+
Ke7 22. Bg3 Nc5 23. Nb5 Qd7 24. Nxd6 Qxd6 25. Bxe5 1-0

[Event "International Tournament "]
[Site "Paracin, Hotel "]
[Date "2017.07.11"]
[Round "6.46"]
[White "Velikic, Adela"]
[Black "Arda, Cagil Irmak"]
[Result "0-1"]
[WhiteElo "2256"]
[BlackElo "2080"]
[PlyCount "77"]
[EventDate "2017.07.07"]

1. d4 Nf6 2. Bg5 d5 3. Nf3 Nbd7 4. c4 e6 5. e3 Be7 6. Nc3 c6 7. Bd3 O-O 8. O-O
h6 9. Bh4 dxc4 10. Bxc4 b5 11. Bd3 a6 12. Rc1 Bb7 13. Bxf6 Nxf6 14. Ne4 Nd7 15.
Bb1 f5 16. Nc5 Bxc5 17. dxc5 e5 18. a3 Bc8 19. Ba2+ Kh8 20. Qc2 e4 21. Nd4 Ne5
22. Rcd1 Qf6 23. Ne2 Qh4 24. Nf4 Kh7 25. Qe2 Ra7 26. Rd6 Bd7 27. Rfd1 Be8 28.
g3 Qe7 29. Kg2 g5 30. Ne6 Rf6 31. Nd4 Nd3 32. Be6 Qf8 33. Rxd3 exd3 34. Qxd3
Re7 35. Qc2 Bg6 36. Qc3 f4 37. exf4 gxf4 38. Ne2 f3+ 39. Kh3 0-1

[Event "International Tournament "]
[Site "Paracin, Hotel "]
[Date "2017.07.11"]
[Round "6.47"]
[White "Raykov, Stefan"]
[Black "Pecurica, Milos"]
[Result "1/2-1/2"]
[WhiteElo "2103"]
[BlackElo "2255"]
[PlyCount "73"]
[EventDate "2017.07.07"]

1. e4 c5 2. Nf3 d6 3. d4 cxd4 4. Nxd4 Nf6 5. Nc3 Nc6 6. Be3 Ng4 7. Bb5 Nxe3 8.
fxe3 Bd7 9. O-O e6 10. Qh5 Qe7 11. Bxc6 bxc6 12. e5 g6 13. exd6 gxh5 14. dxe7
Bxe7 15. Rad1 Rb8 16. Nb3 e5 17. Ne4 Rg8 18. Nd6+ Bxd6 19. Rxd6 Rg6 20. Rfd1
Bf5 21. Rxg6 hxg6 22. Rd2 Be6 23. Kf2 Ke7 24. Na5 Rxb2 25. Nxc6+ Kf6 26. a3 a6
27. Kg3 Ra2 28. Rf2+ Bf5 29. Nb4 Rxa3 30. Nd5+ Kg7 31. Kf3 Ra2 32. e4 Ra3+ 33.
c3 Be6 34. Rc2 Bxd5 35. exd5 f5 36. Ke3 Kf6 37. h4 1/2-1/2

[Event "International Tournament "]
[Site "Paracin, Hotel "]
[Date "2017.07.11"]
[Round "6.48"]
[White "Budimir, Boris"]
[Black "Stojkovska, Monika"]
[Result "1-0"]
[WhiteElo "2233"]
[BlackElo "2089"]
[PlyCount "71"]
[EventDate "2017.07.07"]

1. d4 Nf6 2. Nf3 e6 3. c4 c5 4. e3 b6 5. Nc3 cxd4 6. exd4 d6 7. Bd3 Be7 8. O-O
O-O 9. Re1 Bb7 10. h3 Nbd7 11. Bf4 Re8 12. Rc1 Nf8 13. Bh2 Rc8 14. Qe2 Ng6 15.
Red1 Bf8 16. b4 a6 17. a3 Ra8 18. Nd2 Qe7 19. Nde4 Nxe4 20. Bxe4 f5 21. Bxd6
Qxd6 22. Bxb7 Ra7 23. c5 Nf4 24. Qe3 Qb8 25. Bf3 bxc5 26. dxc5 e5 27. Bc6 Ree7
28. Nd5 Nxd5 29. Bxd5+ Kh8 30. Ba2 a5 31. Qb3 Rf7 32. Qxf7 Rxf7 33. Bxf7 axb4
34. axb4 Qc7 35. c6 Bd6 36. Rxd6 1-0

[Event "International Tournament "]
[Site "Paracin, Hotel "]
[Date "2017.07.11"]
[Round "6.49"]
[White "Tarlabasi, Emirhan"]
[Black "Jovanovic, Bojan P"]
[Result "0-1"]
[WhiteElo "2046"]
[BlackElo "2233"]
[PlyCount "64"]
[EventDate "2017.07.07"]

1. d4 g6 2. c4 Bg7 3. Nc3 c5 4. d5 Bxc3+ 5. bxc3 f5 6. Nf3 Nf6 7. Bf4 d6 8. g3
Qa5 9. Qc2 Nbd7 10. Nd2 Nb6 11. Rc1 Bd7 12. Bg5 Rf8 13. Bg2 O-O-O 14. O-O Qa6
15. Qd3 Rde8 16. f3 Kc7 17. Bxf6 Rxf6 18. e4 e5 19. Rfe1 h5 20. f4 exf4 21.
gxf4 fxe4 22. Bxe4 Rxf4 23. Rf1 Rg4+ 24. Kh1 Nxc4 25. Bxg6 Re3 26. Nxc4 Rxd3
27. Bxd3 Rxc4 28. Rf7 Qa3 29. Re1 Rxc3 30. Ree7 Rc1+ 31. Kg2 Qxd3 32. Rxd7+ Kb6
0-1

[Event "International Tournament "]
[Site "Paracin, Hotel "]
[Date "2017.07.11"]
[Round "6.50"]
[White "Banovic, Ivan"]
[Black "Dogan, Mire Deniz"]
[Result "1/2-1/2"]
[WhiteElo "2208"]
[BlackElo "2075"]
[PlyCount "30"]
[EventDate "2017.07.07"]

1. d4 e6 2. c4 d5 3. Nc3 Nf6 4. cxd5 exd5 5. Bg5 Be7 6. Qc2 O-O 7. Nf3 h6 8.
Bh4 Re8 9. e3 c6 10. Bd3 Ne4 11. Bxe7 Qxe7 12. Bxe4 dxe4 13. Nd2 f5 14. O-O Na6
15. a3 Be6 1/2-1/2